| 000 | 00466nam a2200181Ia 4500 | ||
|---|---|---|---|
| 008 | 131103s9999 xx 000 0 und d | ||
| 020 | _a0 19 561936 6 | ||
| 040 | _aLoreto College | ||
| 041 | _aEnglish | ||
| 082 |
_aCHBK- _b1 LCBED/11539 |
||
| 100 | _aKipling, Rudyard | ||
| 245 |
_aKim _cRudyard, Kipling |
||
| 260 |
_aDelhi _bOxford University Press _c1992 |
||
| 300 |
_a130 p. _b ill. _c 18 cm. |
||
| 650 | _aCHBK- 1 | ||
| 850 | _aLCBED/CHBK- 1 | ||
| 942 | _cBK | ||
| 999 |
_c31066 _d81545 |
||